LEADER 01941cam a2200349 4500 001 991003209369707536 005 20250430130144.0 008 950412s1574 it a b 000 0 ita d 035 $ab14297619-39ule_inst 035 $aCICOGNARA-A2012-0422$9ExL 040 $aBibl. Interfacoltà T. Pellegrino$bita 100 1 $aPorcacchi, Tommaso$d<1530-1585>$0327571 245 10$aFvnerali antichi di diuersi popoli, et nationi :$bforma, ordine, et pompa di sepolture, di essequie, di consecrationi antiche et d'altro.$cDescritti in dialogo da Thomaso Porcacchj da Castiglione arretino. Con le figure in rame di Girolamo Porro padovano. 246 3 $aFunerali antichi di diversi popoli, et nationi;$bforma, ordine, et pompa di sepolture, di essequie, di consecrationi antiche et d'altro. 260 $aIn Venetia,$c1574$e(In Venetia :$fappresso Simon Galignani da Karera,$g1574). 300 $a[8], 109, [2] p. :$bill.; $c4° (28 cm). 500 $aDedica: "Al Magnanimo et virtuoso S. Ottaviano Manini", p. [3], c. a.2 r. 500 $aFront. inciso. 500 $aIniziali xilografiche. 500 $aIncisioni calcografiche. 500 $aRiproduzione in microfiche dell'originale conservato presso la Biblioteca Apostolica Vaticana 650 0$aRiti e cerimonie funebri 650 0$aRiti e cerimonie funebri nell'arte 700 1 $aPorro, Girolamo$d<1520-1604> 787 18$iLeopoldo Cicognara Program :$tBiblioteca Cicognara$h[microform] : literary sources in the history of art and kindred subjects 787 18$tCatalogo ragionato dei libri d'arte e d'antichità / Leopoldo Cicognara 907 $a.b14297619$b01-04-22$c28-07-16 912 $a991003209369707536 945 $aLE002 SB Raccolta Cicognara, mcrf 1766$g0$lle002$pE0.00$rn$so $t11$u0$v0$w0$x0$y.i15769124$z28-07-16 996 $aFvnerali antichi di diuersi popoli, et nationi$91391579 997 $aUNISALENTO 998 $ale002$b28-07-16$cm$dg $e-$fita$git $h0$i1 LEADER 01484nam a22003011i 4500 001 991000901069707536 005 20250526101701.0 008 021104s1965 fr a dr 001|i fre d 035 $ab1207133x-39ule_inst 035 $aARCHE-016113$9ExL 040 $aDip.to Filologia Ling. e Lett.$bita$cA.t.i. Arché s.c.r.l. Pandora Sicilia s.r.l.$dSocioculturale Scs 082 04$a846$223. 100 1 $aPascal, Blaise$028760 245 14$aLes Provinciales, ou Les Lettres écrites par Louis de Montalte à un provincial de ses amis et aux RR. PP. Jésuites /$cPascal ; [Introduction, sommaire biographique, notes et relevé des variantes par Louis Cognet] 246 10$aLes Lettres écrites par Louis de Montalte à un provincial de ses amis et aux RR. PP. Jésuites 260 $aParis :$bGarnier,$c1965 300 $aXCV, 503 p., [13] carte di tav. :$bill. ;$c19 cm 490 1 $aClassiques Garnier 500 $aLouis de Montalte è pseudonimo di Blaise Pascal 650 4$aMontalte, Louis : de$xLettere e carteggi 700 1 $aCognet, Louis 830 0$aClassiques Garnier 907 $a.b1207133x$b28-04-17$c01-04-03 912 $a991000901069707536 945 $aLE008 FL.M. FR. I D 5$g1$i2008000192600$lle008$o-$pE0.00$q-$rl$s-$t0$u0$v0$w0$x0$y.i12368659$z01-04-03 996 $aProvinciales, ou les Lettres ecrites par Louis de Montalte a un provincial de ses amis et aux RR. PP. Jesuites$9139266 997 $aUNISALENTO 998 $ale008$b01-04-03$cm$da$e-$ffre$gfr$h4$i1